Transferové oceňovanie v teórii a praxi

Filozofia transferového oceňovania a definícia transferovej ceny. Úprava transferového oceňovania v slovenskej daňovej legislatíve a v zmluvách o zamedzení dvojitého zdanenia. Smernica o transferovom oceňovaní a článok 9 Modelovej zmluvy OECD o zamedzení dvojitého zdanenia. Zahraničné závislé osoby....

Descripción completa

Guardado en:
Detalles Bibliográficos
Autor principal: Luknárová - Kutišová, Dalila
Formato: Capítulo de libro
Lenguaje:eslovaco
Materias:
Etiquetas: Agregar Etiqueta
Sin Etiquetas, Sea el primero en etiquetar este registro!

MARC

LEADER 00000naa$a2200000$$$4500
001 0094981
005 20231106095009.7
041 0 |a slo 
044 |a SK 
245 1 0 |a Transferové oceňovanie v teórii a praxi  |c Dalila Luknárová - Kutišová 
520 |a Filozofia transferového oceňovania a definícia transferovej ceny. Úprava transferového oceňovania v slovenskej daňovej legislatíve a v zmluvách o zamedzení dvojitého zdanenia. Smernica o transferovom oceňovaní a článok 9 Modelovej zmluvy OECD o zamedzení dvojitého zdanenia. Zahraničné závislé osoby. Primárna úprava základu dane zahraničnej závislej osoby. Princíp nezávislého vzťahu. Pokračovanie. 
610 2 0 |a oceňovanie transferové 
610 2 0 |a legislatíva 
610 2 0 |a zdanenie dvojité 
610 2 0 |a smernice 
610 2 0 |a osoby závislé 
610 2 0 |a osoby zahraničné 
610 2 0 |a základ dane 
100 1 |a Luknárová - Kutišová, Dalila